000 00652nam a2200229Ia 4500
003 OSt
005 20220926022300.0
006 a|||||r|||| 00| 0
007 ta
008 220923b |||||||| |||| 00| 0 eng d
037 _cGeneral Book
040 _aRTL
_cRTL
_beng
041 _2eng
_aeng
082 _aV1N45,93:3:(F56).N77r, L7/UN
110 _aUNITED NATIONS.
245 0 _aSingle convention on Narcotic Drugs, 1961
260 _aNew York
_bUnited Nations India
_c1977
300 _a53p.
_ccm.
700 _aUNITED NATIONS.
942 _hV1N45,93:3:(F56).N77r, L7/UN
_cGB
_2CC
999 _c639088
_d639088